000 00872nas a2200289 4500
001 BR9701484
003 BR-BrBNA
005 20231205100042.0
007 ta
008 230509b bl.|||p| |||| 00| 00por d
040 _aBR-BrBNA
_bpor
_cBiblioteca Nacional de Agricultura
041 _a(Pt)
072 _aF03
100 1 _aNobrega, L.H.P.
100 1 _aCorrea Junior, C.
100 1 _aRodrigues, T. de J.D.
100 1 _aCarregari, S.M.R.
245 1 _aEfeito da luz e da temperatura na germinacao de sementes de camomila (Matricaria recutita)
650 _aCamomila
650 _aSemente
650 _aGerminacao
650 _aTemperatura
650 _aRadiacao Luminosa
773 0 _tRevista Brasileira de Sementes (Brazil)
_xISSN 0101-3122
_g(1995), v. 17(2) p. 137-140
_wBR9701484
909 _a202311
_bLúcia
_c55
_dLúcia Elande
942 _2AGRIS
_n0
_cANA
999 _c154133
_d154133